Normal view
MARC view
- الحديث - تراجم الرواه - الامام البختري - الامام مسلم
Entry Topical Term
001 - CONTROL NUMBER
- control field: 45525
003 - CONTROL NUMBER IDENTIFIER
- control field: JO-AjAnu
005 - DATE AND TIME OF LATEST TRANSACTION
- control field: 20230606081529.0
008 - FIXED-LENGTH DATA ELEMENTS
- fixed length control field: 230606|| aca||aabn | a|a d
040 ## - CATALOGING SOURCE
- Original cataloging agency: JO-AjAnu
- Transcribing agency: JO-AjAnu
150 ## - HEADING--TOPICAL TERM
- Topical term or geographic name entry element: الحديث - تراجم الرواه - الامام البختري - الامام مسلم
670 ## - SOURCE DATA FOUND
- Source citation: Work cat.: (JO-AjAnu)23309: تصنيف العجلوني، إسماعيل؛ دراسة وتحقيق وتعليق أحمد مصطفى القضاة, author 45524, إضاءة البدرين في ترجمة الشيخين: ( الإمام البخاري، الإمام مسلم)